[Event "Athens Attikis op"]
[Site "Athens"]
[Date "2006.06.05"]
[Round "6"]
[White "Fragiadakis, Konstantinos"]
[Black "Kalesis, Nikolaos"]
[Result "0-1"]
[WhiteElo "2223"]
[BlackElo "2435"]
[PlyCount "89"]
[EventDate "2006.06.01"]
[EventType "swiss"]
[EventRounds "9"]
[EventCountry "GRE"]
[SourceTitle "EXT 2024"]
[Source "ChessBase"]
[SourceDate "2023.10.10"]
[SourceVersion "1"]
[SourceVersionDate "2023.10.10"]
[SourceQuality "1"]

1. d4 Nf6 2. c4 g6 3. Nc3 Bg7 4. e4 d6 5. f4 0-0 6. Nf3 c5 7. d5 e6 8. Bd3 exd5 9. cxd5 b5 10. 0-0 b4 11. Na4 Re8 12. Re1 Bg4 13. Bd2 Nbd7 14. h3 Bxf3 15. Qxf3 Nb6 16. Nxb6 Qxb6 17. Rac1 Nd7 18. b3 a5 19. h4 h5 20. Kh1 a4 21. g4 hxg4 22. Qxg4 Nf6 23. Qg2 axb3 24. axb3 Nh5 25. f5 Be5 26. fxg6 Ng3+ 27. Kg1 fxg6 28. Re3 c4 29. bxc4 Qd4 30. Rf1 Ra2 31. Rff3 Ra1+ 32. Bf1 Rf8 33. Rxf8+ Kxf8 34. Qf2+ Kg7 35. Rxg3 Qxf2+ 36. Kxf2 Bxg3+ 37. Kxg3 Ra3+ 38. Kf4 b3 39. Bb4 b2 40. Bxa3 b1Q 41. Be2 Qa1 42. Bb4 Qb2 43. Bxd6 Qf6+ 44. Ke3 Qxd6 45. Kd4 0-1

[Event "Nikaia op 13th"]
[Site "Nikaia"]
[Date "2005.08.24"]
[Round "3"]
[White "Dounis, Alexandros"]
[Black "Fragiadakis, Konstantinos"]
[Result "1-0"]
[WhiteElo "1993"]
[BlackElo "2214"]
[PlyCount "74"]
[EventDate "2005.08.23"]
[EventType "swiss"]
[EventRounds "9"]
[EventCountry "GRE"]
[SourceTitle "CBM 108 Extra"]
[Source "ChessBase"]
[SourceDate "2005.11.04"]
[SourceVersion "1"]
[SourceVersionDate "2005.11.04"]
[SourceQuality "1"]

1. e4 d6 2. d4 Nf6 3. Nc3 g6 4. Be3 c6 5. f3 b5 6. Qd2 Nbd7 7. 0-0-0 b4 8. Nce2 a5 9. g4 Ba6 10. g5 Ng8 11. Ng3 Bxf1 12. Nxf1 Nb6 13. Qd3 d5 14. Nd2 e6 15. Ne2 a4 16. Kb1 Ne7 17. h4 Nec8 18. h5 Rg8 19. c4 bxc3 20. Qxc3 Ne7 21. Nf4 Qc7 22. Rc1 Qb7 23. Nd3 Nd7 24. Ka1 Rc8 25. exd5 cxd5 26. Qa5 Ra8 27. Rc7 Nc6 28. Qxa4 Rxa4 29. Rxb7 Bd6 30. Rc1 Ra6 31. Nb3 Ndb8 32. Bf4 Bxf4 33. Nxf4 Nd7 34. Rxd7 Kxd7 35. Nc5+ Kd6 36. Nxa6 Ra8 37. hxg6 hxg6 1-0

[Event "Athens Acropolis op"]
[Site "Athens"]
[Date "2005.03.09"]
[Round "4"]
[White "Fragiadakis, Konstantinos"]
[Black "Nikolaou, Georgios"]
[Result "1/2-1/2"]
[WhiteElo "2218"]
[BlackElo "2286"]
[PlyCount "126"]
[EventDate "2005.03.06"]
[EventType "swiss"]
[EventRounds "9"]
[EventCountry "GRE"]
[SourceTitle "CBM 105 Extra"]
[Source "ChessBase"]
[SourceDate "2005.05.01"]
[SourceVersion "1"]
[SourceVersionDate "2005.05.01"]
[SourceQuality "1"]

1. e4 c5 2. c3 d5 3. exd5 Qxd5 4. d4 cxd4 5. cxd4 Nc6 6. Nf3 e5 7. Be3 Bb4+ 8. Nc3 e4 9. Nd2 Bxc3 10. bxc3 Nf6 11. Qa4 0-0 12. Bc4 Qh5 13. Qb5 Bf5 14. Nf1 a6 15. Qc5 Qg6 16. Ng3 Bd7 17. Qg5 Rac8 18. Rc1 b5 19. Bb3 Na5 20. h4 Nc4 21. 0-0 Rfe8 22. Rfe1 Ng4 23. Qxg6 hxg6 24. Nf1 Be6 25. Bf4 Bd5 26. Ne3 Ngxe3 27. fxe3 Rc6 28. Re2 Rec8 29. a4 Nb6 30. axb5 axb5 31. Rb1 Bxb3 32. Rxb3 Nd5 33. Ra2 Nxc3 34. Ra7 Rc4 35. Kh2 b4 36. Rd7 Ne2 37. Bd6 Ra8 38. Rxb4 Rc1 39. Rb8+ Rxb8 40. Bxb8 Rc3 41. Rd8+ Kh7 42. Bf4 f6 43. d5 Nxf4 44. exf4 g5 45. hxg5 fxg5 46. f5 g4 47. d6 Rd3 48. d7 e3 49. Kg3 Rd4 50. Re8 Rxd7 51. Kxg4 Rd2 52. g3 g6 53. Re7+ Kg8 54. f6 Rd5 55. Rxe3 Rf5 56. Rf3 Rb5 57. f7+ Kf8 58. Rf6 Rc5 59. Kf4 Ra5 60. g4 Rb5 61. g5 Rb4+ 62. Kf3 Rb3+ 63. Ke4 Rb4+ 1/2-1/2

[Event "Kallithea op"]
[Site "Kallithea"]
[Date "2004.09.14"]
[Round "7"]
[White "Fragiadakis, Konstantinos"]
[Black "Makka, Evanthia"]
[Result "1-0"]
[WhiteElo "2192"]
[BlackElo "2093"]
[PlyCount "91"]
[EventDate "2004.09.09"]
[EventType "swiss"]
[EventRounds "9"]
[EventCountry "GRE"]
[SourceTitle "EXT 2006"]
[Source "ChessBase"]
[SourceDate "2005.11.24"]
[SourceVersion "1"]
[SourceVersionDate "2005.11.24"]
[SourceQuality "1"]

1. e4 e6 2. d4 d5 3. e5 b6 4. c3 Qd7 5. Nf3 Ne7 6. b3 c5 7. a4 Ba6 8. Bxa6 Nxa6 9. Qd3 Nc7 10. 0-0 Nc6 11. dxc5 bxc5 12. c4 d4 13. Ba3 Na6 14. Nbd2 Be7 15. Ne4 Qc7 16. Rae1 Nxe5 17. Nxe5 Qxe5 18. Nxc5 Nxc5 19. Qf3 Qb8 20. Bxc5 Bxc5 21. Qc6+ Ke7 22. Qxc5+ Qd6 23. Qg5+ Kf8 24. Qa5 g6 25. c5 Qd5 26. b4 Kg7 27. Qc7 Rhe8 28. Qe5+ Qxe5 29. Rxe5 f6 30. Re4 e5 31. f4 Rac8 32. Rc1 d3 33. Rd1 a5 34. b5 Rxc5 35. Rxd3 Rc2 36. Rd7+ Kh6 37. h3 Ra2 38. fxe5 f5 39. Rh4+ Kg5 40. Rc4 Rxe5 41. Rxh7 Re1+ 42. Kh2 Re4 43. Rc6 Rexa4 44. Rg7 Rb4 45. Rgxg6+ Kf4 46. h4 1-0

[Event "Nikaia op 12th"]
[Site "Nikaia"]
[Date "2004.??.??"]
[Round "6"]
[White "Georgiadis, Ioannis"]
[Black "Fragiadakis, Konstantinos"]
[Result "0-1"]
[WhiteElo "2035"]
[BlackElo "2190"]
[PlyCount "116"]
[EventDate "2004.08.??"]
[EventType "swiss"]
[EventRounds "9"]
[EventCountry "GRE"]
[SourceTitle "EXT 2007"]
[Source "ChessBase"]
[SourceDate "2006.11.23"]
[SourceVersion "1"]
[SourceVersionDate "2006.11.23"]
[SourceQuality "1"]

1. d4 Nf6 2. Nf3 d6 3. c4 g6 4. g3 Bg7 5. Bg2 0-0 6. 0-0 Bg4 7. h3 Bd7 8. Nc3 Qc8 9. Kh2 c5 10. d5 e5 11. dxe6 Bxe6 12. Nd5 Nxd5 13. cxd5 Bd7 14. Nd2 Qc7 15. Qc2 Na6 16. a3 Rae8 17. e4 f5 18. f4 Bc8 19. Re1 b5 20. Nf3 Rxe4 21. Rxe4 fxe4 22. Ng5 Qe7 23. Qxe4 Qxe4 24. Nxe4 Rd8 25. Bd2 Bf5 26. Nc3 Bd3 27. Bf1 Bxf1 28. Rxf1 Nc7 29. Rd1 Re8 30. Kg2 Bd4 31. Kf3 Kf7 32. Ne4 Ke7 33. Bc3 Bxc3 34. Nxc3 a5 35. Re1+ Kd7 36. Rxe8 Kxe8 37. Ke4 Ke7 38. g4 b4 39. axb4 axb4 40. Na4 Na8 41. g5 Kf7 42. h4 Ke7 43. b3 Nc7 44. Nb6 Nb5 45. Nc4 Nc3+ 46. Kf3 Nxd5 47. Kg4 Ke6 48. Kf3 Ne7 49. Na5 Nf5 50. Kg4 Kd5 51. h5 Kd4 52. hxg6 hxg6 53. Kf3 Kc3 54. Ke4 Ne7 55. Nb7 c4 56. Nxd6 cxb3 57. Ke3 b2 58. Ne4+ Kc2 0-1

[Event "Ano Liosia op"]
[Site "Athens"]
[Date "1998.01.04"]
[Round "2"]
[White "Cela, Altin"]
[Black "Fragiadakis, Konstantinos"]
[Result "1-0"]
[WhiteElo "2445"]
[BlackElo "2125"]
[PlyCount "41"]
[EventDate "1998.01.03"]
[EventType "swiss"]
[EventRounds "9"]
[EventCountry "GRE"]
[SourceTitle "CBM 062 Extra"]
[Source "ChessBase"]
[SourceDate "1998.03.09"]
[SourceVersion "1"]
[SourceVersionDate "1998.03.09"]
[SourceQuality "1"]

1. e4 d6 2. d4 g6 3. Nc3 Bg7 4. f4 c5 5. dxc5 Bxc3+ 6. bxc3 dxc5 7. Bd3 Nf6 8. Qe2 Bg4 9. Nf3 Qb6 10. Be3 Qb2 11. 0-0 Qxc3 12. Rab1 b6 13. Rb3 Qa5 14. Bd2 Bxf3 15. gxf3 Qxa2 16. Bc3 Nc6 17. Ra1 Qxa1+ 18. Bxa1 0-0-0 19. Bc4 Rhf8 20. Bxf6 exf6 21. Bd5 1-0

[Event "GRE-ch U16"]
[Site "Greece"]
[Date "1995.??.??"]
[Round "6"]
[White "Fragiadakis, Konstantinos"]
[Black "Argiroudis, Stamatis"]
[Result "1/2-1/2"]
[WhiteElo "2115"]
[BlackElo "2165"]
[PlyCount "114"]
[EventDate "1994.??.??"]
[EventType "swiss"]
[EventRounds "7"]
[EventCountry "GRE"]
[SourceTitle "EXT 2004"]
[Source "ChessBase"]
[SourceDate "2003.11.25"]
[SourceVersion "1"]
[SourceVersionDate "2003.11.25"]
[SourceQuality "1"]

1. e4 g6 2. d4 Bg7 3. Nf3 c6 4. Bd3 d5 5. e5 Nh6 6. Nc3 f6 7. 0-0 0-0 8. Ne2 Nf7 9. Bf4 Bg4 10. exf6 exf6 11. Nd2 Bxe2 12. Qxe2 Re8 13. Qd1 Qb6 14. Nb3 Nd7 15. Re1 f5 16. c3 a5 17. Qc2 a4 18. Rxe8+ Rxe8 19. Nd2 Nf6 20. Nf3 h6 21. Be5 Ne4 22. Bxg7 Kxg7 23. Rb1 Qa5 24. Re1 b5 25. Nd2 Qd8 26. f3 Nf6 27. Rxe8 Qxe8 28. Kf2 Nh5 29. g3 Qe7 30. b3 axb3 31. Nxb3 Qf6 32. Qe2 Nd6 33. Nc5 Ne4+ 34. fxe4 fxe4+ 35. Kg2 exd3 36. Nxd3 Kh7 37. Ne5 Ng7 38. Qf2 Qe6 39. Qf8 g5 40. g4 h5 41. h3 hxg4 42. hxg4 Ne8 43. Qc5 Nf6 44. Qxc6 Qxc6 45. Nxc6 Ne4 46. Na7 Nxc3 47. a3 Kg6 48. Kf3 Kf6 49. Ke3 Ke6 50. Kd3 Ne4 51. Nxb5 Nf2+ 52. Ke2 Nxg4 53. a4 Kd7 54. a5 Kc6 55. a6 Nf6 56. a7 Kb7 57. Kf3 Ka8 1/2-1/2

[Event "GRE-ch U20 27th"]
[Site "Greece"]
[Date "1995.??.??"]
[Round "6"]
[White "Papaioannou, Ioannis"]
[Black "Fragiadakis, Konstantinos"]
[Result "1-0"]
[WhiteElo "2405"]
[BlackElo "2105"]
[PlyCount "85"]
[EventDate "1995.??.??"]
[EventType "swiss"]
[EventRounds "9"]
[EventCountry "GRE"]
[SourceTitle "EXT 2004"]
[Source "ChessBase"]
[SourceDate "2003.11.25"]
[SourceVersion "1"]
[SourceVersionDate "2003.11.25"]
[SourceQuality "1"]

1. d4 d5 2. Nf3 Nf6 3. c4 c6 4. Nc3 e6 5. e3 Nbd7 6. Qc2 Bd6 7. g4 h6 8. Bd2 b6 9. cxd5 exd5 10. Rg1 Qe7 11. 0-0-0 Bb7 12. Bd3 0-0-0 13. h4 Kb8 14. g5 Ne8 15. e4 Nc7 16. Rge1 Ne6 17. exd5 cxd5 18. Qb3 hxg5 19. Bxg5 f6 20. Bd2 Qf7 21. Kb1 Nc7 22. Nb5 Nxb5 23. Bxb5 Nf8 24. Bb4 Bxb4 25. Qxb4 Ng6 26. Rc1 Qf8 27. Qd2 Qd6 28. Rg1 Nxh4 29. Nxh4 Rxh4 30. Rxg7 Rc8 31. Re1 Re4 32. a3 Qh2 33. Bd3 Rxe1+ 34. Qxe1 Qd6 35. Qe3 a6 36. Rf7 Rc7 37. Qe8+ Ka7 38. Qf8 Rd7 39. Rxf6 Qh2 40. Rf7 Qh5 41. Rxd7 Qd1+ 42. Ka2 Qxd3 43. Qc8 1-0

[Event "Chania op 5th"]
[Site "Chania"]
[Date "1995.??.??"]
[Round "2"]
[White "Tzermiadianos, Andreas"]
[Black "Fragiadakis, Konstantinos"]
[Result "1-0"]
[WhiteElo "2400"]
[BlackElo "2105"]
[PlyCount "35"]
[EventDate "1995.08.??"]
[EventType "swiss"]
[EventRounds "9"]
[EventCountry "GRE"]
[SourceTitle "EXT 1997"]
[Source "ChessBase"]
[SourceDate "1996.11.15"]
[SourceVersion "1"]
[SourceVersionDate "1996.11.15"]
[SourceQuality "1"]

1. e4 e5 2. Nf3 f5 3. Nxe5 Qf6 4. d4 d6 5. Nc4 fxe4 6. Nc3 Qg6 7. f3 exf3 8. Qxf3 Nf6 9. Ne3 Nc6 10. Bd3 Qh5 11. Qxh5+ Nxh5 12. Ned5 Kd8 13. Bg5+ Ne7 14. 0-0 Kd7 15. Nxe7 Bxe7 16. Rf7 Kd8 17. Bxe7+ Ke8 18. Bc4 1-0